000 01059nam a2200313 a 4500
003 DO-SdBNP
005 20220531084021.0
007 ta
008 210716e dr a|||er|||| 001 0 spa d
020 _a9789945927825
040 _aDO-SdBNP
_bspa
_cBNPHU
041 _hspa
082 _bB585i
100 1 _aBidó, Camila
_979274
245 1 0 _a(In)seguridad de la tenencia:
_bproyecto nuevo Domingo Savio /
_cCamilo Bidó, David Arbona
260 _a[Santo Domingo] :
_bFRIEDRICH EBERT,
_c[200?]
300 _a80 p. :
_bil. ;
_c27 cm.
500 _aIncluye bibliografía y notas al pié de páginas.
504 _aBibliografía: p. 77- 80
590 _aInventariado 2021 / MF
650 4 _912706
_aInseguridad (problema social)
_zRepública Dominicana
650 _932618
_aAsentamientos urbanos
_zRepública Dominicana
650 4 _910343
_aSegurida ciudadana
650 _97170
_aViviendas
_zRepública Dominicana
650 4 _92151
_aSegurida Social
_zRepública Dominicana
700 1 _aArbona, David
_979275
910 _aMfeliz
942 _2ddc
_cLBS1
999 _c50134
_d50134